000 00690nam a2200229 a 4500
001 BRCA_3791
005 20190320204427.0
008 151109s1897----fr-a---###---#000-0#fre-#
041 _afre
044 _afr
050 4 _aF1213
_b.S15 1897
100 1 _aSainte Croix, Lambert de.
_99876
245 1 0 _aOnze mois au Mexique et au Centre-Amérique
_cpar Lambert de Sainte-Croix
260 _aParís
_bE. Plon, Nourrit
_c1897
300 _aviii, 292 p.
_bil. 14 láminas
_c20 cm.
500 _aB150
650 1 4 _aViajeros franceses.
_97982
651 4 _aMéxico
_vDescripción y viajes.
_99877
651 4 _aAmérica Central
_vDescripción y viajes.
_99878
902 _aGFM
942 _2lcc
_cB
999 _c3520
_d3520